Nalaganje...
Advances in plant breeding V. 2
| Glavni avtor: | |
|---|---|
| Drugi avtorji: | , |
| Format: | Printed Book |
| Jezik: | Undetermined English |
| Izdano: |
Newdelhi
C B S Publishers & Distributers
1991
|
| Teme: |
| LEADER | 00618nam a2200193Ia 4500 | ||
|---|---|---|---|
| 008 | 140306s9999 xx 000 0 und d | ||
| 041 | |a eng | ||
| 082 | |a 631.53 |b MAN | ||
| 100 | |a Banerjee, S P | ||
| 245 | |a Advances in plant breeding V. 2 | ||
| 260 | |a Newdelhi |b C B S Publishers & Distributers |c 1991 | ||
| 300 | |a 267 | ||
| 650 | |a genetics plant breeding | ||
| 650 | |a Plant breeding | ||
| 700 | |a Ganguli, P K | ||
| 700 | |a Mandal, A K | ||
| 942 | |2 ddc |c BK | ||
| 999 | |c 53088 |d 53088 | ||
| 952 | |0 0 |1 0 |2 ddc |4 0 |6 631_530000000000000_MAN |7 0 |9 69412 |a KAUACV |b KAUACV |d 2004-05-17 |o 631.53 MAN |p KAU_ACV-23547 |r 2014-03-22 |w 2014-03-22 |y BK | ||